[Event "ISR-chT"]
[Site "Israel"]
[Date "2001.05.18"]
[Round "10"]
[White "Avrukh, Boris"]
[Black "Tsesarsky, Ilya"]
[Result "1/2-1/2"]
[WhiteElo "2630"]
[BlackElo "2450"]
[Annotator "Tsesarsky,I"]
[PlyCount "75"]
[EventDate "2001.02.??"]
[EventType "team"]
[EventRounds "11"]
[EventCountry "ISR"]
[SourceTitle "CBM 083"]
[Source "ChessBase"]
[SourceDate "2001.07.05"]
[SourceVersion "1"]
[SourceVersionDate "2001.07.05"]
[SourceQuality "1"]

1. d4 Nf6 2. c4 e6 3. Nc3 Bb4 4. e3 b6 5. Nge2 Ne4 6. Bd2 Nxd2 7. Qxd2 Ba6 {
This move idea is to play c7-c6 and d7-d5, then to change Ba6 for Bf1 and
White won't to play 0-0.In my opinion, this continuation is better than} (7...
Bb7 8. d5 Na6 (8... exd5 9. cxd5 O-O 10. g3 a5 11. Bg2 Na6 12. O-O c6 13. Rfd1
$14 {1-0 Avrukh,B-Vovsha,E/Ubeda ESP 2001/The Week in Chess 326 (35)}) 9. g3 (
9. a3 Bxc3 10. Nxc3 {-see commented game 1-0 Shirov,A-Adams,M/Leon 1995/CBM 48
[Shirov,A and many others](26)}) 9... Nc5 10. Bg2 Ba6 11. Rd1 {-see detailed
commented game 0-1 Bareev,E-Sokolov,I/Madrid 1994/CBM 41[Dautov,R, Horvath] 
(61)}) (7... O-O {-mainline.}) 8. a3 Be7 ({Another continuation is} 8... Bxc3 {
Black changes dark-squares B in order to win a time and to complete
development.} 9. Nxc3 ({Strange looks} 9. Qxc3 $6 O-O 10. d5 (10. Nf4 d6 (10...
d5 11. cxd5 Bxf1 12. Kxf1 exd5 13. Rc1 c6 14. h4 a5 $132 {0-1 Hartman,C-Bator,
R/Malmo 1986/EXT 97 (33)}) 11. Be2 Bb7 12. O-O Nd7 13. Rfd1 e5 14. Nd5 $11 {
0-1 Hoi,C-Iskov,G/Hillerod 1980/MCD (52)}) (10. b4 d6 11. Nf4 Nd7 12. Be2 Bb7
13. O-O (13. d5 e5 14. Nd3 Qh4 $132 {0-1 Lutz,C-Zsinka,L/Budapest 1989/CBM 14 
(38)}) 13... Qg5 14. f3 e5 15. Nh3 exd4 16. Qxd4 Qe5 $11 {1/2-1/2 Taimanov,
M-Zsinka,L/Budapest 1982/MCD (19)}) 10... exd5 11. cxd5 c5 12. dxc6 Nxc6 13.
Nf4 Bxf1 14. Kxf1 Rc8 15. Rd1 Re8 16. h4 Re5 17. Qd2 {[%csl Rd7,Rh1] 1/2-1/2
Petrosian,T-Bisguier,A/Lone Pine 1978/MCL (17)}) 9... d5 (9... O-O $5 10. Bd3
d6 11. O-O Nd7 12. b4 Bb7 $132) 10. b4 (10. cxd5 Bxf1 11. Kxf1 exd5 {1/2-1/2
Groszpeter,A-De Firmian,N/New York 1988/CBM 08 (11)} (11... exd5 12. g3 (12.
Qd3 O-O 13. g3 c6 14. b4 a6 {1/2-1/2 Palliser,R-Bergstrom,R/York ENG 2000/The
Week in Chess 320 (14)}) 12... h5 13. h4 Nc6 14. b4 Ne7 15. Kg2 Qd7 16. Qd3 $14
{1-0 Poulenard,R-Lecuyer,C/Chanac 1989/TD (48)})) 10... dxc4 11. b5 Bb7 12. e4
a6 13. Bxc4 O-O 14. O-O axb5 15. Bxb5 Qe7 $132 {1-0 Huebner,R-De Firmian,N/
Manila 1990/CBM 19 (40)}) 9. Ng3 {Except of this move White can play also} (9.
Nf4 $5 {and here worth of attention} c6 $5 {[%cal Gd7d5,Gd7d6] Tsesarsky} ({
Another possibilities are also reliable:} 9... Bg5 10. Be2 Nc6 11. b4 Ne7 12.
Nh3 Bh6 13. d5 O-O 14. O-O g6 15. Rfd1 Nf5 16. g3 e5 17. Qc2 d6 $132 {0-1
Cardon,H-Luce,S/Budapest 1990/EXT 97 (38)}) (9... d6 10. Be2 Nd7 11. b4 Bb7 12.
d5 e5 13. Nd3 O-O 14. O-O g6 $132 {1-0 Guindy,E-Andersen,J/Aarhus 1991/EXT 98 
(40)}) (9... Nc6 10. b4 Bb7 11. Be2 O-O 12. O-O a5 13. b5 Nb8 14. Nd3 c5 15.
bxc6 dxc6 16. Bf3 Nd7 17. Rfd1 $14 {1-0 Knaak,R-Plachetka,J/Trnava 1983/MCD 
(41)}) (9... O-O 10. Be2 c6 11. b4 d5 12. b5 cxb5 13. cxb5 Bb7 14. O-O Nd7 $11
{1/2-1/2 Harakis,A-Cooper,L/England 1997/CBM 64 ext (58)}) 10. Bd3 d6 11. O-O
Nd7 $132 {Space advantage is compensed by the pair of BB.}) 9... c6 $5 (9...
Nc6 10. b4 Bb7 11. Bd3 O-O 12. O-O f5 13. f4 Bh4 14. Nge2 Qe8 15. e4 Qg6 16. g3
Rae8 17. Rad1 a5 18. b5 Nd8 19. e5 Be7 20. Ra1 $14 {1-0 Zilberman,N-Bangiev,A/
Cheliabinsk 1975/MCD (57)}) 10. d5 ({Black equalizes in next variations too:} 
10. Bd3 d5 11. cxd5 cxd5 $11) (10. b4 d5 11. b5 ({Or} 11. c5 Bxf1 12. Rxf1 a5
13. Ke2 Nd7 $132) 11... cxb5 12. cxb5 ({Dubious is} 12. cxd5 b4 13. axb4 Bxf1
14. Rxf1 Bxb4 15. dxe6 fxe6 16. Nge4 O-O $15 {[%csl Ga7,Gb6,Re1][%cal Gb4e1]})
12... Bb7 13. Bd3 Nd7 (13... a6 $11) 14. O-O Rc8 $11) 10... cxd5 11. cxd5 Bxf1
12. Rxf1 O-O 13. Rc1 {Here I thought a long tme and found} a6 $1 {[%cal Gb6b5,
Gb5b4] This move idea is to promote Pb6-b4-b5.} (13... Bf6 $143 14. Ke2 Na6 15.
b4 Nc7 16. d6 Ne8 17. Nce4 $14 {[%csl Re8]}) (13... Na6 $143 14. d6 Bh4 15. b4
$14 {[%csl Ra6]}) 14. Ke2 (14. e4 d6 15. dxe6 fxe6 16. Nf5 $1 Nc6 $1 17. Nxe7+
Nxe7 18. Rd1 Nc8 19. f4 Ra7 20. Rf2 $132) 14... b5 15. Rfd1 b4 16. axb4 ({
Interesting but not effective was} 16. Nce4 bxa3 17. d6 axb2 18. Qxb2 Bf6 (
18... Bh4 19. Nh5 $1 f6 20. g3 g6 21. gxh4 gxh5 22. Rg1+ Kh8 23. Qb7 $18) 19.
Nxf6+ Qxf6 20. Qb7 (20. Qxf6 gxf6 21. Nh5 f5 22. Rc7 f6 23. Ra1 a5 24. Ra4 Kf7
$15) 20... Nc6 21. Qxd7 Nb4 (21... Ne5 22. Qa4 $16) 22. Qa4 Nd5 $132) 16...
Bxb4 17. Qd4 a5 (17... Qa5 $6 18. Nh5 f6 19. Qg4 {[%csl Re6,Rg7][%cal Gg4e6,
Gg4g7]} g6 20. dxe6 Qxh5 21. Qxh5 gxh5 22. Nd5 a5 23. e7 Bxe7 24. Nxe7+ $16)
18. dxe6 (18. Kf1 Na6 $132) 18... fxe6 19. Nb5 Na6 ({Worth of attention also} 
19... Ra6 $132) 20. f4 ({Or} 20. Qe5 Rc8 21. Kf1 $11) 20... Qh4 ({Equal
position after} 20... d5 21. Qe5 Qf6 $132 {[%cal Gf6e5]}) 21. Nc7 ({Dubious is
} 21. Kf2 $6 g5 (21... d5 22. Rc6) 22. Qxd7 Nc5 $1 23. Qc7 (23. Rxc5 Bxc5 24.
Qxe6+ Rf7 25. Kf3 Bxe3 $1 $17) 23... gxf4 24. exf4 Rac8 25. Qe5 $8 Nd3+ 26.
Rxd3 Rxc1 27. Qxe6+ Rf7 $17) 21... Nxc7 22. Rxc7 Qg4+ 23. Kf2 d6 (23... d5 $144
24. h3 Qg6 25. Qe5 Rac8 26. Rdc1 Rxc7 27. Rxc7 Qf6 $11) 24. Ne4 (24. Nh5 Rf7 (
24... e5 25. Qd5+ Kh8 26. Qf3 (26. Nxg7 exf4 $17) 26... Qxf3+ 27. Kxf3 g6 28.
Ng3 Rac8 $132) 25. Rxf7 Kxf7 26. Ng3 Rc8 $15) 24... e5 (24... Rac8 25. h3 (25.
Rdc1 Bc5 $1 $17) (25. Rcc1 Rxc1 26. Rxc1 Rxf4+ $19) 25... Qg6 26. Rcc1 (26.
Rdc1 Bc5 $1) 26... d5 27. Nc5 Bxc5 28. Rxc5 Rxc5 29. Qxc5 a4 $132) 25. Qd5+ Kh8
26. Kg1 ({When I thought about 24...e5 I had calculated} 26. Ng5 $5 Qxg5 27.
Qxa8 Qh4+ 28. g3 Qxh2+ {and here I didn't see} 29. Qg2 $1 {B. Avrukh said
after the game, he didn't see this move either...However, Black has sufficient
compensation:} Qh6 ({or} 29... Qh5 $44) 30. Rh1 (30. Rf7 Re8 31. Re7 Rf8 $11)
30... Qg6 31. Rhc1 Bc5 $44) 26... exf4 ({Equalises also} 26... Qe2 27. Ng5
Qxe3+ 28. Kh1 h6 29. Ne6 Rg8 30. Nxg7 Qxf4 31. Rf7 Qg4 32. Nf5 Raf8 33. h3 (33.
Nxh6 Qg6 $19) 33... Qg6 34. Rxf8 Rxf8 35. Nxd6 $11) 27. Ng5 h6 (27... Rae8 28.
Nf7+ Rxf7 29. Rxf7 fxe3 (29... Bc5 30. Kh1 fxe3 31. Rdf1 Qc8 32. Rxg7 (32. Qc6
h6 $17) 32... e2 33. Rxh7+ $11) 30. Rdf1 Qc8 31. Rxg7 $1 (31. Qc6 d5 32. Rc7
Qd8 33. Rd7 Qa8 $19) 31... Kxg7 32. Qf7+ Kh8 33. Qf6+ $11) 28. Nf7+ Kh7 29.
exf4 Bc5+ $6 $11 ({Strong was} 29... Qxf4 $1 30. Qd3+ (30. Rf1 Bc5+ 31. Rxc5
Qe3+ $19) 30... Kg8 31. Qd5 {I overlooked here} Ra7 $1 {and Black leaves with
advantage.} (31... Kh7 32. Qd3+ $11) 32. Rxa7 $1 (32. Ne5+ $2 Kh7 33. Qd3+ Qf5
34. Rxa7 Bc5+ 35. Kh1 Bxa7 $17 {[%csl Re5,Rh1][%cal Gf5f1]}) 32... Bc5+ 33. Kh1
Bxa7 34. Nxd6+ Kh8 {[%csl Rh1][%cal Gf8f1]} 35. Qc4 Bd4 36. Nb7 Bb6 37. b3 Qf2
$15) 30. Kh1 Rae8 (30... Qxf4 31. Qd3+ Kg8 32. Qd5 Ra7 33. g3 Qxf7 34. Rxf7
Raxf7 $44) 31. Qd3+ Qg6 (31... Kg8 32. Nxh6+ gxh6 33. Qh7#) 32. Qxg6+ Kxg6 33.
Nxd6 Bxd6 34. Rxd6+ Rf6 (34... Kh7 35. g3 Re1+ 36. Kg2 Re2+ 37. Kf3 Rxb2 38.
Rdd7 Rg8 39. f5 (39. h4 $14) 39... Rxh2 40. f6 h5 41. Rxg7+ Rxg7 42. Rxg7+ Kh8
43. Rg5 Rh1 44. Kg2 $18) 35. Rxf6+ Kxf6 36. h3 Rb8 37. Rc5 Rxb2 38. Rxa5
1/2-1/2

[Event "Harplinge"]
[Site "Harplinge"]
[Date "1998.08.21"]
[Round "7"]
[White "Lautier, Joel"]
[Black "Wedberg, Tom Birger"]
[Result "1-0"]
[WhiteElo "2625"]
[BlackElo "2475"]
[Annotator "Wedberg,T"]
[PlyCount "77"]
[EventDate "1998.08.15"]
[EventType "tourn"]
[EventRounds "9"]
[EventCountry "SWE"]
[EventCategory "12"]
[SourceTitle "CBM 067"]
[Source "ChessBase"]
[SourceDate "1998.11.30"]
[SourceVersion "2"]
[SourceVersionDate "1998.11.01"]
[SourceQuality "1"]

{[%mdl 964] Black tries a new and aggressive approach against White's setup.
The play becomes very sharp. Whites turns the tables with a nice counter
attack.} 1. d4 {Psakhis} Nf6 2. c4 e6 3. Nc3 Bb4 4. e3 b6 5. Nge2 Ne4 6. Qc2
Bb7 7. Nf4 {Psakhis: 'Rare move, usually white continue'} (7. a3 {Psakhis with
slightly better position, for example} Bxc3+ 8. Nxc3 Nxc3 9. Qxc3 O-O 10. b4 a5
11. b5 f5 12. c5 a4 13. Bb2 Rf7 14. Bc4 $36 {0-1 Mrva,M-Scavo,F/Pardubice op
1998 (60)}) 7... f5 (7... O-O {Psakhis} 8. Bd3 f5 9. O-O Nxc3 10. bxc3 Bd6 11.
Rb1 {[%cal Rc4c5]} Bxf4 12. exf4 Rf6 13. Be3 Rh6 14. f3 $14 {1-0 Sokolov,
I-Kortchnoi,V/New York 1996 (40)}) 8. Bd3 Qh4 9. O-O Bxc3 10. bxc3 g5 (10...
O-O 11. f3 Nf6 (11... Ng5 {Psakhis} 12. Ba3 Re8 13. Ne2 Nc6 14. Ng3 Ne7 15. f4
Nf7 {1/2-1/2 Palliser,R-Ward,C/BCF-ch Hove 1997 (26)}) 12. e4 fxe4 13. fxe4 $16
) 11. Ne2 Nf6 $1 $146 {Psakhis: 'N New an interesting move. After'} (11... g4
$6 12. Ng3 $1 Ng5 (12... Nxg3 13. fxg3 $1 Qh5 14. e4 $36 (14. e4 {Psakhis} fxe4
15. Bxe4 Nc6 16. d5 $16)) 13. e4 f4 14. Bxf4 Nf3+ 15. gxf3 gxf3 16. Kh1 Qxf4
17. e5 $16 {1/2-1/2 Sherbakov,R-Sokolov,I/Ljubljana 1995/CBM 51/[Dautov] (36)
Psakhis: 'White got clear advantage in the game between Sherbakov,R-Sokolov,I/
EUCup Ljubljana 1995 (35)'}) 12. f3 {'[]' Psakhis.} (12. Ng3 Ng4 13. h3 Nf6 $40
{/\g4}) 12... Rg8 (12... g4 {Psakhis} 13. g3 Qh5 14. Nf4 Qf7 15. e4 $1 gxf3 16.
exf5 $36) 13. d5 {'!' Psakhis.} (13. g3 Qh5 14. e4 fxe4 15. fxe4 Ng4 $17) 13...
g4 (13... Na6 {Psakhis} 14. Ba3 (14. e4 fxe4 15. fxe4 Ng4 16. h3 Ne5 $132)) 14.
Nd4 (14. f4 g3 $1 15. h3 (15. hxg3 Qh5 $40) 15... Ng4 $40) ({Doesn,t look too
nice, bur safer then move in the text.} 14. f4 {[%csl Re4] Psakhis}) 14... gxf3
(14... Na6 $5 {Psakhis} 15. Ba3 Nc5 16. dxe6 dxe6 17. Bxc5 bxc5) 15. Nxf3 Qh5
16. Ba3 exd5 17. Bxf5 dxc4 18. e4 {'[]' Psakhis.} Nc6 19. e5 Ng4 {'!' Psakhis.}
(19... Nxe5 $1 20. Rae1 (20. Nxe5 Rxg2+ 21. Qxg2 Bxg2 22. Kxg2 O-O-O $132)
20... O-O-O (20... d6 {Psakhis} 21. Nxe5 (21. Qa4+ Kf8 22. Rxe5 Bxf3 $17) 21...
Rxg2+ 22. Qxg2 Bxg2 23. Kxg2 $1 dxe5 24. Rxe5+ Kd8 25. Be7+ Ke8 26. Bxf6+ Kf8
27. Bg5 $1 Kg8 (27... Qxg5+ 28. Bg4+) 28. Be6+ $18) 21. Nxe5 (21. Rxe5 Bxf3 22.
Rf2 (22. Bxd7+ Rxd7 23. Rxh5 Bxg2 $3 $19) 22... Kb8 23. Be7 (23. h3 $142) 23...
Ng4 24. Bxg4 Qxe5 25. Bxd8 Bxg4 $19) 21... Rxg2+ 22. Qxg2 Bxg2 23. Kxg2 Re8 $17
) ({Black has nothing to worry about after} 19... Nd5 $5 {Psakhis} 20. Qe4
O-O-O $5 21. e6 (21. Qxd5 Qxf5 $17) 21... Rxg2+ $1 22. Kxg2 Qxf5 23. Qxf5 Ne3+
24. Kg1 Nxf5 25. exd7+ Rxd7 $13 {but 19... Ng4! is stronger}) 20. e6 Ne3 $2 {
Psakhis: 'Serious mistake. Much stronger is'} (20... O-O-O $1 21. exd7+ Kb8 22.
Rae1 Nce5 $40) (20... d6 $1 {(Psakhis) and White needs good advice, for example
} 21. Bxh7 (21. Rae1 Nce5 $1) (21. Qe4 Nd8 22. Bxg4 Rxg4 $19) 21... Rg7 22. Be4
Ne3 $19) 21. exd7+ Kd8 22. Qe4 Nxf5 {'?' Psakhis. Psakhis: 'Second ( and
decisive mistake ) , Wedberg still could get reasonable position after '} (
22... Rxg2+ $5 {Psakhis} 23. Kh1 Nxf5 24. Qe8+ (24. Kxg2 Kxd7 25. Rad1+ Nd6 $36
) 24... Qxe8 25. dxe8=Q+ Kxe8 26. Rae1+ Kd7 27. Kxg2 $13) 23. Ne5 $16 {'!'
Psakhis.} Na5 $8 {Psakhis: 'Only move. I didn,t found defence for Black after'}
(23... Nxe5 24. Qxb7 Kxd7 25. Rxf5 {'!' Psakhis.} Qxf5 26. Qd5+ $18) ({or} 
23... Ne3 {Psakhis} 24. Nxc6+ Kxd7 25. Rad1+ $1 (25. Qe7+ Kxc6 26. Rf6+ Kb5 27.
Qb4+ Ka6 28. Qa4+ Qa5 $19) (25. Ne5+ $2 Kc8 $19) (25. Qxe3 Bxc6 26. Rad1+ Kc8
$17) 25... Nxd1 26. Qd4+ Kxc6 27. Qxc4+ Kd7 28. Rf7+ Qxf7 29. Qxf7+ Kc6 30. c4
$1 $18) 24. Rxf5 Bxe4 (24... Qxh2+ 25. Kxh2 Bxe4 26. Rf7 {'+/-' Psakhis.} (26.
Rf4 $16 {Psakhis}) 26... Nc6 27. Rd1) 25. Rxh5 c5 (25... Rxg2+ $142 26. Kf1 Rg8
(26... Rd2 {Psakhis} 27. Re1 $1 (27. Bc1 Rxd7 28. Bg5+ Kc8 29. Nxd7 Kxd7 30.
Rd1+ Bd3+ $11) 27... Bg2+ 28. Kg1 Bd5 29. Rxh7 $18) 27. Rd1 $14) (25... Bxg2 {
Psakhis} 26. Bc1 $1 Ke7 27. Bg5+ Ke6 28. Re1 $18) 26. g3 Kc7 (26... Nc6 {
Psakhis} 27. Re1 Nxe5 28. Rxe5 (28. Rxe4 Nxd7 29. Rxc4 Nf6 30. Rf5 $36) 28...
Bc6 29. Re7 Bxd7 30. Rxh7 $16) 27. Rh4 (27. Re1 $5 {Psakhis} Bg6 (27... Bc2 28.
Bc1 {[%cal Rc1f4]}) 28. Nxg6 hxg6 29. Rh7 $1 (29. Rd5 Rad8) 29... Rad8 (29...
Nc6 30. d8=Q+ $5 Kxd8 31. h4 $16 {[%cal Ra3c1]}) 30. Re8 Nc6 31. Bc1 $16) 27...
Bd3 28. Rd1 (28. Nxd3 $6 {Psakhis} cxd3 29. Rd1 (29. Rxh7 Nc4 $1) 29... Rg7 30.
Rxd3 Rd8 $11) 28... Rg7 (28... Nc6 $5 29. Nxd3 cxd3 30. Rxh7 c4 $14) 29. Rh6 (
29. Bc1 $5 {Psakhis}) 29... Rd8 (29... Re7 30. Bc1 $1 (30. Bc1 $1 {Psakhis}
Rxe5 31. Bf4 Nc6 32. Re1 Kxd7 33. Bxe5 $16)) 30. Bc1 Kb7 31. Bf4 Rgxd7 32. Nxd7
Rxd7 33. Re1 Bg6 34. h4 {'+-' Psakhis.} Ka6 35. h5 Bd3 (35... Bf5 {Psakhis} 36.
Rf6 Bg4 37. h6 {[%csl Rh7][%cal Re1e8,Re8g8]}) 36. Kf2 Kb5 37. Rhe6 Rd8 38. Re7
$18 Nc6 39. Rc7 (39. Rc7 {Psakhis} Na5 (39... Rd5 40. a4+) 40. Rxa7 $18) 1-0